Trouvez les pays - K - Statistiques

Statistiques générales
  • Ce quiz a été pris 153 fois
  • Le résultat moyen est 5 sur 6
Statistiques - réponses
Par images Réponse % Correct
Kenya
96%
Kazakhstan
95%
Kosovo
92%
Koweït
85%
Kirghizistan
79%
Kiribati
78%
Aucun quiz correspondant
Distribution des résultats
% des personnes avec chaque résultat
Percentile par nombre de réponses
Votre historique - résultats
Vous n’avez pas pris ce quiz